000
00329 a2200145 4500
001
47510
040
_c
Anchieta - Aquarius
100
_a
Matthews, CaitlĂn
240
1
0
_a
Como ser uma princesa
_l
por
245
1
0
_a
Como ser uma princesa
300
_a
28p.
362
0
_a
2012
650
4
_a
Literatura infanto-juvenil
942
_c
BK
999
_c
47510
_d
47510